000 00667nam a22002417a 4500
003 UA-OsUOA
001 92661
007 ta
008 20121221b un ||||| |||| 00| 0 ukr d
100 _aБуданин В.
090 _a821.161.1
_bБ90
942 _cBK
040 _aUA-OsUOA
_brus
_cUA-OsUOA
_dUA-OsUOA
245 _aКому вершить суд
_bповесть о Петре Красикове
300 _a399 с.
955 _a3
041 _arus
080 _a821.161.1
260 _aМ.
_bПолитиздат
_c1984
250 _n2-е изд.
650 7 _a82 Література. Літературознавство
_2UDC
999 _c378947
_d378947